Keski-Amerikan ja Karibian maat kartalla - Statistics

Yleistilastot
  • Tätä visaa on pelattu 1 994 kertaa
  • Keskiarvotulos 11 / 14
Vastaukset kartalla
Vastauksille on annettu kartalla punavihreä väri sen mukaan, kuinka moni on saanut sen oikein.
 
Vastaustilastot
Vastaus % Oikein
Panama
91%
Kuuba
83%
Dominikaaninen tasavalta
80%
Haiti
79%
Jamaika
78%
Guatemala
76%
Bahama
75%
Belize
74%
El Salvador
72%
Trinidad ja Tobago
72%
Honduras
71%
Costa Rica
70%
Nicaragua
69%
Puerto Rico (Yhdysvallat)
63%
Ehtoja vastaavia visoja ei löytynyt
Tulosjakauma
Jokaisen tuloksen saaneiden osuus
Persentiili vastausten määrän mukaan
Tuloshistoriasi
Et ole pelannut tätä visaa